000 01777nam0a2200445 4500
001 13969
003 http://www.sudoc.fr/291520936
005 20251204163744.0
010 _a9782846817929
_d15 EUR
033 _ahttp://catalogue.bnf.fr/ark:/12148/cb48597092g
035 _a(OCoLC)1548139086
035 _aFRBNF485970920000009
_zFRBNF48597092
035 _aALP862928
073 0 _a9782846817929
090 _a13969
099 _o0
100 _a20251029d2025 m y0frey50 ba
101 0 _afre
102 _aFR
105 _ay z 00|a|
181 _6z01
_ctxt
_2rdacontent
181 1 _6z01
_ai#
_bxxxe##
182 _6z01
_cn
_2rdamedia
182 1 _6z01
_an
200 1 _aLes conséquences
_bLIVR
214 0 _cles Solitaires intempestifs
_dDL 2025
214 3 _cImpr. Présence graphique
214 0 _aBesançon
214 3 _a37-Monts
215 _a1 vol. (91 p.)
215 _d20 cm
305 _aCréation : Rennes (fr) : Théâtre national de Bretagne, 20250930
323 _a11 personnages
330 _aLa vie sur plusieurs générations, à travers l'enchaînement sans coupures, et dans le même espace vide, d un enterrement, d un mariage, d un enterrement et encore d un mariage. Une vingtaine d années sous nos yeux. Avec nos joies et nos peines. Nos espoirs et nos renoncements. La généalogie de nos actes. Les conséquences sur nos vies. Écrasées. Magnifiées. Sans retour. Ou au contraire subitement ouvertes. Créés grâce à la destruction. Détruites et renaissantes.
620 _aFrance
686 _a802
_2Cadre de classement de la Bibliographie nationale française
700 1 _aRambert
_bPascal
_f1962-....
700 1 _3029001900
_4070
801 3 _aFR
_bAbes
_c20251029
_gAFNOR
801 0 _aFR
_bFR-751131015
_c20250908
_gAFNOR